00380nam a2200181Ia 4500003000900000008004100009040001300050040001300063041000800076100001800084245003500102250001100137260001200148260000900160300001100169300001200180490000600192IT-RoPAU120407s9999 xx 000 0 und d aIT-RoPAU cIT-RoPAU aita aEliade Mircea aIl mito dell’eterno ritorno. aMilano aRusconi c1975 a171 p. c18,5 cm v1